Odpowiedź zaczyna się na "H" - Statystyki

Ogólne statystyki
  • Ten quiz został rozwiązany 49 razy
  • Średni wynik to 10 z 15
Statystyki odpowiedzi
Wskazówka Odpowiedź % Poprawnych
Pasmo górskie, w którym umiejscowiona jest największa góra na Ziemi - Mount Everest Himalaje
98%
Stan USA znajdujący się na wyspie. Jest jednym z dwóch stanów, które są oddalone od reszty (tzn. nie graniczy z żadnym innym stanem) Hawaje
91%
Półbóg o niezwykłej sile. Wykonywał on swoje słynne 12 prac (imię z mitologii rzymskiej) Herkules
91%
Linia, w której niebo "spotyka się" z ziemią Horyzont
91%
Pomysł lub przypuszczenie, które należy sprawdzić, by odpowiedzieć na pytanie. Może pojawić się również w rozprawce zamiast tezy Hipoteza
86%
Państwo w Ameryce Środkowej. Jego stolicą jest Tegucigalpa Honduras
86%
Władca podziemi w mitologii greckiej. Jeden z Wielkiej Trójki Hades
81%
Osoba udająca, że posiada pewne cechy lub zasady, ale tak naprawdę działa w sposób sprzeczny z nimi Hipokryta
79%
Dziewczyna z mitologii greckiej, której historia rozpoczęła wojnę trojańską Helena
67%
Osoba, która odrzuca lub kwestionuje oficjalne doktryny lub nauki religijne, szczególnie w kontekście chrześcijaństwa Heretyk
60%
Jest to cecha osoby, która chętnie dzieli się tym, co ma – czy to pieniędzmi, czasem, uwagą czy pomocą – bez oczekiwania niczego w zamian (wyraź w bezokoliczniku) Hojność
60%
Grecka bogini ogniska domowego Hestia
51%
Angielska nazwa wodoru, od której wziął się skrót "H" Hydrogen
44%
Ktoś, kto często odrzuca główny nurt i szuka alternatywnych trendów Hipster
28%
Dziedzina techniki zajmująca się przepływem cieczy Hydraulika
21%
Nie znaleziono quizów pasujących do podanych kryteriów
Rozkład punktacji
Procent ludzi z każdym wynikiem
Percentyl według liczby udzielonych odpowiedzi
Twoja historia wyników
Nie rozwiązałeś tego quizu